Statystyki dla Quiz o polskim rapie

Kliknij tutaj aby rozwiązać quiz!

Ogólne statystyki

  • Ten quiz został rozwiązany 1 244 razy
  • Średni wynik to 6 z 10

Statystyki odpowiedzi

PytanieOdpowiedz% Poprawnych
Ghawsi Mosa polsko-niemecki raper pochodzenia afgańskiegoMalik Montana
78%
Rozwiń skrót BORBiuro Ochrony Rapu
77%
Raper urodzony w KairzeTaco Hemingway
77%
Gdzie pieprzyka ma Bedoes?Nad chujem
75%
Kiedy miała miejsce pierwsza edycja Młodych Wilków popkilera?2011
65%
Były listonoszKękę
64%
Który label ma najwięcej subskrypcji?Step Records
55%
Założyciel Prosto TVSokół
54%
Wesja "Pandy" w wykonaniu QuebonafideKoala
31%
Raper, którego każda piosenka brzmi tak samoBlacha
29%

Rozkład punktacji

Percentyl według liczby udzielonych odpowiedzi

Procent ludzi z każdym wynikiem

Twoja historia wyników

Nie rozwiązałeś tego quizu